| 000 | 00352nam a2200145Ia 4500 | ||
|---|---|---|---|
| 008 | 230312s9999||||xx |||||||||||||| ||und|| | ||
| 020 | _a0-13-348508-0 | ||
| 082 |
_a620.001 _bHAG-I |
||
| 100 | _aApple;David | ||
| 245 | 0 | _aProbability and Information | |
| 260 |
_bPearson _aIndia _c2014 |
||
| 300 | _a413 | ||
| 650 |
_aComputer _vComputer |
||
| 942 | _cBK | ||
| 999 |
_c15231 _d15231 |
||